| 000 | 01465cam a2200361 i 4500 | ||
|---|---|---|---|
| 999 |
_c200435024 _d53236 |
||
| 001 | 200435024 | ||
| 003 | TR-AnTOB | ||
| 005 | 20200415104849.0 | ||
| 008 | 181218s2018 tu a j tur | ||
| 020 | _a9786053121886 | ||
| 040 |
_aTR-AnTOB _beng _erda _cTR-AnTOB |
||
| 041 | 1 |
_atur _heng |
|
| 050 | 1 | _aPZ7.1.D87 | |
| 090 |
_aJUN PZ7.1.D87 _bM319 2018 |
||
| 100 | 1 |
_aDussling, Jennifer _eauthor _9123707 |
|
| 240 | 1 | 0 | _aMath matters : fair is fair! |
| 245 | 1 |
_aMatematik her yerde : _badalet yerini bulur / _cJennifer Dussling ; resimleyen: Diane Palmisciano ; çeviri: Fulya Koçak. |
|
| 250 | _a1. basım: Ekim, 2018 | ||
| 264 | 1 |
_aAnkara : _bTÜBİTAK, _c2018. |
|
| 300 |
_a32 pages : _bcolours illustrations ; _c23 cm |
||
| 336 |
_2rdacontent _atext _btxt |
||
| 337 |
_2rdamedia _aunmediated _bn |
||
| 338 |
_2rdacarrier _avolume _bnc |
||
| 490 | 0 |
_aTÜBİTAK popüler bilim kitapları: _v985 |
|
| 500 | _a7 yaş +. | ||
| 520 | _aBütün sınıf arkadaşlarının harçlığı Efe'ninkinden fazla. Üstelik evde yapmaları gereken çok daha az görevleri var! Bu hiç adil değil! Efe hak ettiğine inandığı harçlığı almak için babasını nasıl ikna edebilir? | ||
| 650 | 0 |
_aFinans, Kişisel _2etuturkob _9123710 |
|
| 650 | 7 |
_aGrafik metotlar _vÇocuk edebiyatı _2etuturkob _9123709 |
|
| 700 | 1 |
_aKoçak, Fulya _etranslator _9122969 |
|
| 700 | 1 |
_aPalmisciano, Diane _eillustrator _9123711 |
|
| 942 |
_2lcc _cBK |
||